000 00725nas a2200253 4500
001 BR6200308
003 BR-BrBNA
005 20231205082147.0
007 ta
008 230509b bl.|||p| |||| 00| 00por d
040 _aBR-BrBNA
_bpor
_cBiblioteca Nacional de Agricultura
041 _a(Pt)
072 _aL70
100 1 _aLoureiro, M.C.
245 1 _aA soroterapia antiofidica na cidade de Vicosa, estado de Minas Gerais [Brasil]
650 _aSORO
650 _aCOBRA
650 _aOFIDISMO
650 _aVICOSA
650 _aMINAS GERAIS
773 0 _tRevista Ceres (Brazil)
_xISSN 0034-737X
_g(Jan-Dec 1962), v. 11(66) p. 322-329
_wBR6200308
909 _a202311
_bLúcia
_c55
_dLúcia Elande
942 _2AGRIS
_n0
_cANA
999 _c89610
_d89610